000 00903nam a2200301 i 4500
001 000005364
003 DO-SdBNP
005 20260321073638.0
007 ta
008 090819s2009 dr 000 j spa d
020 _a9993476684
040 _aDO-SdBNP
_bspa
_cBNPHU
_erda
041 _aspa
082 4 _aRD863.44
_bB742c 2009
_222
100 1 _a Bosch, Juan,
_d1909-2001
_eautor
_4aut.
_976555
245 1 0 _aCuentos escritos en el exilio /
_cJuan Bosch.
250 _aquinquagesima edición
264 1 _aSanto Domingo :
_bAlfa & Omega,
_c2009.
300 _a279 páginas ;
_c21 cm.
336 _atexto
_btxt
_2rdacontent
337 _asin mediación
_bn
_2rdamedia
338 _avolumen
_bnc
_2rdacarrier
590 _aInventariado, 2020/MFF
650 4 _aCuentos dominicanos
_9176
650 4 _aLiteratura dominicana.
_967
910 _aValidado. Control de calidad MMOLINA
942 _2ddc
_cLBS1
999 _c5164
_d5164